Fundamentals of Operations Management. (Record no. 5278)

MARC details
005 - DATE AND TIME OF LATEST TRANSACTION
control field 20250626170549.0
020 ## - INTERNATIONAL STANDARD BOOK NUMBER
International Standard Book Number 0-07-561286-0
082 ## - DEWEY DECIMAL CLASSIFICATION NUMBER
Classification number 658.5 DAV
100 ## - MAIN ENTRY--PERSONAL NAME
Author name DAVIS, M. M.
245 ## - TITLE STATEMENT
Title Fundamentals of Operations Management.
250 ## - EDITION STATEMENT
Edition statement 3rd Ed.
260 ## - PUBLICATION, DISTRIBUTION, ETC.
Place of publication, distribution, etc. Boston,
Name of publisher, distributor, etc. Irwin McGraw-Hill,
Date of publication, distribution, etc. 1999.
300 ## - PHYSICAL DESCRIPTION
Extent xx; 600p.: ill.; picture
Other physical details Index
Dimensions 25 cm
700 ## - ADDED ENTRY--PERSONAL NAME
Other authors/Editors AQUILANO, N. J. [... et al...]
942 ## - ADDED ENTRY ELEMENTS (KOHA)
Source of classification or shelving scheme Dewey Decimal Classification
Koha item type Books
Holdings
Date last seen Total checkouts Full call number Barcode Cost, replacement price Price effective from Koha item type Lost status Source of classification or shelving scheme Damaged status Not for loan Withdrawn status Home library Current library Shelving location Date acquired Cost, normal purchase price Source of acquisition
06/26/2025   658.5DAV DOM0001451 90000.00 06/26/2025 Books   Dewey Decimal Classification       CBE Dodoma CBE Dodoma General Collection 06/13/2001 30000.00  
06/26/2025   658.5 DAV DOM0001433 90000.00 06/26/2025 Books   Dewey Decimal Classification       CBE Dodoma CBE Dodoma General Collection 06/13/2001 30000.00  
06/28/2025   658.5 DAV DOM0001275 90000.00 06/26/2025 Books   Dewey Decimal Classification       CBE Dodoma CBE Dodoma General Collection 06/13/2001 30000.00 Library budget